000 00673nam a22002417a 4500
003 UA-OsUOA
001 26559
007 ta
008 20040607b un ||||| |||| 00| 0 ukr d
090 _a56
_bБ63
942 _cBK
040 _aUA-OsUOA
_brus
_cUA-OsUOA
_dUA-OsUOA
245 _aБиостратиграфия и палеонтология триаса Сибири
_bсб. науч. тр.
_cОтв. ред. А.В.Каныгин
300 _a105 с.
955 _a0
041 _arus
080 _a56
020 _a5-7623-0191-5
260 _aНовосибирск
_bОиГТиМ СО АН СССР
_c1991
044 _aRU
650 7 _2UDC
999 _c312884
_d312884